000 00516nam a2200145Ia 4500
008 140724s9999 xx 000 0 und d
050 _aQA 76.76.W56
_b.Y19 2013
100 _aYamawake, Hiederose Mako R.
245 _aOnline products reservation system for Prens Auto Supply /
_cHiederose Mako R. Yamawake.
260 _aLas PiƱas, Philippines :
_bSouthville International School and Colleges,
_cc2013.
300 _a188 p. :
_bill. ;
_c28 cm.
521 _aInformation Technology
942 _cTH
999 _c229178
_d229178